| 000 | 00504nam a2200169Ia 4500 | ||
|---|---|---|---|
| 008 | 240729s9999 xx 000 0 und d | ||
| 022 | _a2090-3189 | ||
| 245 | 0 | _aInternational Journal of Breast Cancer | |
| 260 | _aUnited Kingdom | ||
| 260 | _bHindawi Limited | ||
| 650 | _a Internal medicine | ||
| 650 | _a Neoplasms. Tumors. Oncology. Including cancer and carcinogens | ||
| 650 | _aMedicine | ||
| 856 | _uhttps://doaj.org/toc/7a509445ac40453a8d49dd8079e170c9 | ||
| 942 | _2ddc | ||
| 942 | _cDOAJEJ | ||
| 999 |
_c71682 _d71682 |
||
| 945 |
_a1 _bMadushi Gamage _c1 _dMadushi Gamage |
||